| 000 -LEADER |
| fixed length control field |
00570nam a2200145 a 4500 |
| 008 - FIXED-LENGTH DATA ELEMENTS--GENERAL INFORMATION |
| fixed length control field |
940722s1950 pau c 000 0 eng d |
| 100 ## - MAIN ENTRY--AUTHOR'S NAME |
| Author's Name |
National Philatelic Museum |
| 245 10 - TITLE STATEMENT |
| Title |
Scandinavia stamp exhibition : |
| Remainder of title |
featuring freedom centennial, Virgin Islands. |
| 260 ## - PUBLICATION, DISTRIBUTION, ETC. (IMPRINT) |
| Place of publication, distribution, etc. |
[Philadelphia] : |
| Name of publisher, distributor, etc. |
National Philatelic Museum, |
| Date of publication, distribution, etc. |
[1950] |
| 490 0# - SERIES STATEMENT |
| Series statement |
Official bulletin / National Philatelic Museum ; |
| Volume/sequential designation |
v. 1, no. 12 |
| 500 ## - GENERAL NOTE |
| General note |
Cover title. |
| 650 #0 - TOPICAL TERM (Tag) |
| Topical term or geographic name |
Postage stamps |
| Geographic subdivision |
Scandinavia |
| 650 #0 - TOPICAL TERM (Tag) |
| Topical term or geographic name |
Postage stamps |
| Geographic subdivision |
Virgin Islands of the United States |